| 000 | 00730nam a2200205 i 4500 | ||
|---|---|---|---|
| 001 | 184504 | ||
| 003 | ES-MaACL | ||
| 005 | 20230906222219.0 | ||
| 008 | 150921s1899 xxu |||| | eng d | ||
| 100 | 0 |
_aUnderhill, John Garrett. _9111997 |
|
| 245 | 1 | 0 |
_aSpanish literature in the England of the Tudors / _cby John Garrett Underhill. |
| 260 |
_aNew York : _bMacmillan et Cª, _c1899. |
||
| 300 |
_aX, 438 p. ; _c19 cm. |
||
| 490 | 1 | _aColumbia University. Studies in literature | |
| 650 | 4 |
_aLiteratura inglesa- _xInfluencia española. _9157509 |
|
| 650 | 4 |
_aLiteratura española- _xInfluencia. _9157510 |
|
| 830 | 0 |
_aColumbia University. Studies in literature _9225081 |
|
| 852 |
_aES-MaACL _jG-10491 |
||
| 999 |
_c184504 _d184504 |
||